[Event "Kurnosov Memorial 2019"]
[Site "?"]
[Date "2019.09.06"]
[Round "1.1"]
[White "Chichilenko, Danil"]
[Black "Ponkratov, Pavel"]
[Result "1/2-1/2"]
[WhiteElo "1966"]
[BlackElo "2669"]
[PlyCount "162"]
[EventDate "2019.??.??"]

1. d4 Nf6 2. c4 e6 3. Nc3 Bb4 4. e3 b6 5. Nge2 Bb7 6. a3 Bd6 7. d5 O-O 8. g3 a5
9. Bg2 Na6 10. O-O Nc5 11. b3 exd5 12. cxd5 Re8 13. Rb1 Nce4 14. Nxe4 Nxe4 15.
Bb2 Qg5 16. Nc3 Nxc3 17. Bxc3 Bxa3 18. e4 Qg6 19. Re1 Bc5 20. Bd4 d6 21. f4 Qf6
22. Bxc5 bxc5 23. Qc2 Rab8 24. Ra1 h5 25. e5 dxe5 26. fxe5 Rxe5 27. Qxc5 Rxe1+
28. Rxe1 Qb6 29. Qxb6 cxb6 30. Re7 Kf8 31. Rc7 Bc8 32. Kf2 Bf5 33. Ke3 b5 34.
Kd4 a4 35. bxa4 b4 36. Be4 Bxe4 37. Kxe4 b3 38. Rc1 Ke7 39. a5 Kd6 40. Rc6+ Kd7
41. Rc1 b2 42. Rb1 Kd6 43. a6 g6 44. a7 Rb4+ 45. Kf3 Ra4 46. Rxb2 Rxa7 47. Rd2
Ke5 48. Re2+ Kxd5 49. Kf4 f6 50. Kf3 Ra3+ 51. Kg2 Ra4 52. Re8 Ra2+ 53. Kg1 g5
54. Re7 Ra4 55. Kf2 h4 56. Rh7 Ra2+ 57. Kg1 Ke4 58. gxh4 Kf3 59. h3 Kg3 60. Kf1
gxh4 61. Rh6 f5 62. Rg6+ Kxh3 63. Rg5 f4 64. Rg6 Ra3 65. Kf2 Rg3 66. Rf6 Kg4
67. Rg6+ Kf5 68. Rh6 h3 69. Rh8 Ra3 70. Rf8+ Ke5 71. Re8+ Kd6 72. Rh8 Rb3 73.
Rd8+ Ke7 74. Rh8 Ke6 75. Re8+ Kd5 76. Rd8+ Ke4 77. Re8+ Kd3 78. Kf3 Rb7 79. Rh8
Re7 80. Kxf4 Re3 81. Kg4 Ke4 1/2-1/2

[Event "Kurnosov Memorial 2019"]
[Site "?"]
[Date "2019.09.06"]
[Round "1.2"]
[White "Kokarev, Dmitry"]
[Black "Igumnov, Alexandr"]
[Result "1-0"]
[WhiteElo "2665"]
[BlackElo "1963"]
[PlyCount "83"]
[EventDate "2019.??.??"]

1. e4 e6 2. d4 d5 3. Nc3 dxe4 4. Nxe4 Bd7 5. Nf3 Bc6 6. Bd3 Nd7 7. O-O Ngf6 8.
Ned2 Be7 9. Qe2 Bxf3 10. Nxf3 c6 11. Bd2 O-O 12. Rad1 Re8 13. Bc1 Qa5 14. a3
Rad8 15. Rfe1 Qh5 16. c3 Bd6 17. Bc4 Nb6 18. Ba2 Nbd5 19. Ne5 Qxe2 20. Rxe2 Nd7
21. Nd3 Kf8 22. Rde1 h6 23. g3 b6 24. Kg2 a5 25. a4 Ra8 26. f4 Be7 27. Kf3 Bd6
28. g4 c5 29. dxc5 Nxc5 30. Nxc5 Bxc5 31. f5 Rad8 32. fxe6 Rxe6 33. Rxe6 fxe6
34. Rxe6 Nf6 35. Bc4 Ne8 36. Be3 Nd6 37. Bxc5 bxc5 38. Bb5 Kf7 39. Re5 Rc8 40.
h4 Kf6 41. Kf4 Nf7 42. g5+ 1-0

[Event "Kurnosov Memorial 2019"]
[Site "?"]
[Date "2019.09.06"]
[Round "1.3"]
[White "Kostin, Ilya"]
[Black "Bareev, Evgeny"]
[Result "0-1"]
[WhiteElo "1950"]
[BlackElo "2664"]
[PlyCount "102"]
[EventDate "2019.??.??"]

1. e4 c5 2. Nf3 e6 3. d4 cxd4 4. Nxd4 a6 5. Bd3 Qc7 6. O-O Nf6 7. c4 Nc6 8.
Nxc6 dxc6 9. f4 e5 10. f5 Bc5+ 11. Kh1 h6 12. Nc3 b5 13. cxb5 axb5 14. Qc2 O-O
15. h3 Rd8 16. a4 Bb7 17. b3 Qe7 18. Be2 Bd4 19. Bb2 Qc5 20. Rfc1 b4 21. Na2
Qxc2 22. Rxc2 Bxb2 23. Rxb2 c5 24. Rc1 Nxe4 25. Bf3 Rac8 26. Kh2 Rd4 27. Rbc2
Bd5 28. Rb2 Kf8 29. Re1 f6 30. Nc1 Nc3 31. Bxd5 Rxd5 32. Ne2 Nxe2 33. Rexe2 Ke7
34. Kg3 Kd6 35. Rec2 Rd4 36. Kh2 Kd5 37. g4 c4 38. bxc4+ Rcxc4 39. Re2 Kc5 40.
Kg3 Rc3+ 41. Kh4 b3 42. Rh2 Rdd3 43. Kh5 Rxh3+ 44. Rxh3 Rxh3+ 45. Kg6 Kb4 46.
Kxg7 Ka3 47. Rb1 Ka2 48. Re1 b2 49. Kxf6 e4 50. a5 b1=Q 51. Rxb1 Kxb1 0-1

[Event "Kurnosov Memorial 2019"]
[Site "?"]
[Date "2019.09.06"]
[Round "1.4"]
[White "Movsesian, Sergei"]
[Black "Vanishvili, Mari"]
[Result "1-0"]
[WhiteElo "2663"]
[BlackElo "1936"]
[PlyCount "93"]
[EventDate "2019.??.??"]

1. e4 e5 2. Nf3 d6 3. d4 exd4 4. Nxd4 Nf6 5. Nc3 Be7 6. Be2 O-O 7. Bf4 a6 8.
Qd2 b5 9. Bf3 Ra7 10. O-O-O c5 11. Nf5 Bxf5 12. exf5 Rd7 13. Rhe1 b4 14. Nd5
Nxd5 15. Bxd5 Bf6 16. g4 h6 17. Kb1 a5 18. h4 Bxh4 19. Rh1 Bg5 20. Bxg5 Qxg5
21. Qxg5 hxg5 22. Rh5 Rfd8 23. Rdh1 Kf8 24. Rxg5 Na6 25. Rgh5 Ke7 26. g5 Rf8
27. Rh7 Kd8 28. Rxg7 Nc7 29. Bc6 Re7 30. f4 Re2 31. Rgh7 Rf2 32. R7h6 Rxf4 33.
Rxd6+ Kc8 34. a4 bxa3 35. bxa3 Rg4 36. g6 fxg6 37. fxg6 Rg3 38. Rh5 Rg8 39. Kb2
Kb8 40. Be4 Rg4 41. Bf5 Rf4 42. Rc6 Nd5 43. Rxc5 Ne7 44. Bd3 a4 45. Ra5 Nxg6
46. Rhb5+ Kc7 47. Ra7+ 1-0

[Event "Kurnosov Memorial 2019"]
[Site "?"]
[Date "2019.09.06"]
[Round "1.5"]
[White "Gertsyk, Nikolai"]
[Black "Bocharov, Dmitry"]
[Result "0-1"]
[WhiteElo "1926"]
[BlackElo "2643"]
[PlyCount "88"]
[EventDate "2019.??.??"]

1. d4 Nf6 2. Nf3 g6 3. Bf4 Bg7 4. e3 O-O 5. Be2 d6 6. h3 Nc6 7. O-O Nd7 8. Nc3
h6 9. Bg3 e5 10. dxe5 dxe5 11. e4 Nc5 12. Qxd8 Rxd8 13. Rad1 Be6 14. Bb5 Nd4
15. Nxe5 Nxe4 16. Nxe4 Nxb5 17. Nc5 Bf5 18. Nxb7 Re8 19. Rfe1 Bxc2 20. Rc1 Nd4
21. Na5 Re6 22. Kh2 Rae8 23. Nac4 f6 24. Ne3 Be4 25. Nd7 Bc6 26. Nc5 R6e7 27.
Na6 f5 28. Nxc7 Rd8 29. Na6 g5 30. Bc7 Rdd7 31. Ba5 f4 32. Nc2 Rxe1 33. Nxe1
Re7 34. Bc3 Ne2 35. Rd1 Nxc3 36. bxc3 Bxc3 37. Nf3 Bg7 38. Rd2 Kf7 39. Nb4 Bb7
40. Nd5 Rd7 41. Nb4 Rxd2 42. Nxd2 Bc3 43. Nc4 Bxb4 44. a3 Bd5 0-1

[Event "Kurnosov Memorial 2019"]
[Site "?"]
[Date "2019.09.06"]
[Round "1.6"]
[White "Bocharov, Ivan"]
[Black "Kozlov, Denis"]
[Result "1-0"]
[WhiteElo "2624"]
[BlackElo "1920"]
[PlyCount "39"]
[EventDate "2019.??.??"]

1. c4 e5 2. Nc3 Bb4 3. Nf3 Nc6 4. Qc2 Nf6 5. e3 O-O 6. Nd5 Bc5 7. a3 a5 8. b3
d6 9. Ng5 g6 10. h4 Be6 11. Nxf6+ Qxf6 12. Bb2 Bf5 13. Bd3 Bxd3 14. Qxd3 Qe7
15. g4 Nd8 16. Ne4 Ne6 17. g5 Kh8 18. f4 c6 19. h5 Rad8 20. Nf6 1-0

[Event "Kurnosov Memorial 2019"]
[Site "?"]
[Date "2019.09.06"]
[Round "1.7"]
[White "Morozov, Ivan"]
[Black "Stupak, Kirill"]
[Result "0-1"]
[WhiteElo "1917"]
[BlackElo "2616"]
[PlyCount "110"]
[EventDate "2019.??.??"]

1. d4 g6 2. c4 Bg7 3. Nf3 c5 4. d5 b5 5. cxb5 a6 6. b6 Nf6 7. Nc3 O-O 8. e4 d6
9. Be2 Qxb6 10. O-O a5 11. Qc2 Ba6 12. Bg5 Bxe2 13. Qxe2 Nbd7 14. Rab1 h6 15.
Bh4 Qa6 16. Qxa6 Rxa6 17. Rfe1 a4 18. a3 g5 19. Bg3 Ng4 20. h3 Nge5 21. Nxe5
Nxe5 22. Bxe5 Bxe5 23. Nd1 Rb8 24. Ne3 Rb3 25. Nc4 Bd4 26. Kf1 Ra8 27. Re2 Rab8
28. Rc2 Kf8 29. Ke2 Ke8 30. f3 Kd7 31. Kd2 e6 32. dxe6+ fxe6 33. Ke2 d5 34. Nd2
R3b5 35. Kd3 Kd6 36. h4 Bxb2 37. hxg5 hxg5 38. exd5 exd5 39. Nf1 c4+ 40. Ke2
Bd4 41. Rd1 Rb2 42. Kd2 Kc5 43. Rdc1 Rxc2+ 44. Rxc2 Rb3 45. Ra2 Rb2+ 46. Rxb2
Bxb2 47. g3 Bxa3 48. f4 gxf4 49. gxf4 d4 50. Ng3 Bb4+ 51. Kc2 d3+ 52. Kb1 Kd4
53. f5 Ke5 54. Nf1 c3 55. Ne3 Bc5 0-1

[Event "Kurnosov Memorial 2019"]
[Site "?"]
[Date "2019.09.06"]
[Round "1.9"]
[White "Lebzak, Yaroslav"]
[Black "Volkov, Sergey"]
[Result "0-1"]
[WhiteElo "1910"]
[BlackElo "2586"]
[PlyCount "86"]
[EventDate "2019.??.??"]

1. e4 e6 2. d4 d5 3. Nc3 Nf6 4. e5 Nfd7 5. f4 c5 6. Nf3 Nc6 7. Be3 Qb6 8. Na4
Qa5+ 9. c3 b6 10. Bd2 c4 11. b4 Qa6 12. Be2 Be7 13. O-O O-O 14. Qc2 f6 15. Nb2
b5 16. Rfb1 Qb7 17. a4 a6 18. a5 Rf7 19. Rf1 Nf8 20. exf6 gxf6 21. Nd1 Rg7 22.
Ne3 f5 23. Kh1 Nd7 24. Rg1 Nf6 25. Ne5 Ne4 26. Raf1 Nxe5 27. fxe5 Bg5 28. Bf3
Qe7 29. Bxe4 dxe4 30. Nd1 Bb7 31. Bxg5 Qxg5 32. Qf2 Qc1 33. Qe3 Qc2 34. Nf2 f4
35. Qxf4 e3 36. Qxe3 Rf8 37. h3 Rgf7 38. Qg5+ Kh8 39. Qh4 Rxf2 40. Rxf2 Qxf2
41. Qe7 Qf7 42. Qg5 Rg8 43. Qh4 Rxg2 0-1

[Event "Kurnosov Memorial 2019"]
[Site "?"]
[Date "2019.09.06"]
[Round "1.10"]
[White "Yudin, Sergei"]
[Black "Burkov, Ivan V"]
[Result "1-0"]
[WhiteElo "2580"]
[BlackElo "1909"]
[PlyCount "63"]
[EventDate "2019.??.??"]

1. e4 c5 2. Nf3 e6 3. c3 d5 4. exd5 exd5 5. d4 Nc6 6. Bb5 Bd6 7. O-O Nf6 8.
Re1+ Be6 9. dxc5 Bxc5 10. Nd4 O-O 11. Be3 Nxd4 12. Bxd4 Qb6 13. Bxc5 Qxc5 14.
Bd3 Rad8 15. Nd2 Ne4 16. Bxe4 dxe4 17. Nxe4 Rxd1 18. Nxc5 Rd2 19. b3 Bd5 20.
Rad1 Rxd1 21. Rxd1 Bc6 22. c4 g6 23. f3 Kg7 24. Kf2 b6 25. Na6 Rc8 26. Nb4 a5
27. Nd5 b5 28. Ne7 Rc7 29. Nxc6 Rxc6 30. cxb5 Rc2+ 31. Ke3 Rxa2 32. b6 1-0

[Event "Kurnosov Memorial 2019"]
[Site "?"]
[Date "2019.09.06"]
[Round "2.1"]
[White "Badelka, Olga"]
[Black "Kokarev, Dmitry"]
[Result "0-1"]
[WhiteElo "2284"]
[BlackElo "2665"]
[PlyCount "96"]
[EventDate "2019.??.??"]

1. d4 Nf6 2. c4 g6 3. Nc3 Bg7 4. e4 d6 5. Nge2 e5 6. d5 Nbd7 7. f3 h5 8. Bg5
Bh6 9. Bxh6 Rxh6 10. Qd2 Rh8 11. h4 a5 12. Nc1 Nc5 13. Be2 Qe7 14. b3 Kf8 15.
a3 Kg7 16. Rb1 Bd7 17. Nd3 Nxd3+ 18. Bxd3 c6 19. dxc6 bxc6 20. b4 axb4 21. axb4
Nh7 22. b5 Nf8 23. g3 Ne6 24. O-O Ra3 25. Ra1 Rxa1 26. Rxa1 Nd4 27. Qf2 Qf6 28.
Kg2 Rb8 29. Rb1 Ra8 30. b6 Qe6 31. Ne2 c5 32. Nxd4 exd4 33. Kg1 Bc6 34. Bf1 Bb7
35. Qb2 Qf6 36. Kg2 Qd8 37. Kg1 Ra4 38. Qb5 Ra3 39. Bg2 Ra6 40. e5 Ra2 41. exd6
Qxd6 42. Rb2 Rxb2 43. Qxb2 Qxg3 44. Qe2 Qd6 45. Qb2 Qe5 46. Qd2 Qe6 47. Qa5
Qxc4 48. Qa7 Qd5 0-1

[Event "Kurnosov Memorial 2019"]
[Site "?"]
[Date "2019.09.06"]
[Round "2.2"]
[White "Bareev, Evgeny"]
[Black "Bryushinin, Alexander"]
[Result "1-0"]
[WhiteElo "2664"]
[BlackElo "2280"]
[PlyCount "93"]
[EventDate "2019.??.??"]

1. Nf3 Nf6 2. g3 e6 3. Bg2 Be7 4. O-O O-O 5. c4 d5 6. b3 b6 7. Bb2 Bb7 8. cxd5
Nxd5 9. d4 Nd7 10. e4 N5f6 11. e5 Nd5 12. Nbd2 Rc8 13. Nc4 c5 14. Rc1 b5 15.
Nd6 Bxd6 16. exd6 c4 17. bxc4 bxc4 18. Ne5 c3 19. Ba3 f6 20. Nxd7 Qxd7 21. Re1
Rfe8 22. Bc5 Ba8 23. Qb3 a5 24. Qa3 a4 25. h4 Rb8 26. Rc2 Bc6 27. Rce2 Kf7 28.
Qc1 Rb7 29. Kh2 Rbb8 30. Qd1 g6 31. Qc1 Kg7 32. Kg1 Rb7 33. Bh3 f5 34. Bg2 Rbb8
35. h5 Rb7 36. h6+ Kf7 37. Bxd5 Bxd5 38. Qxc3 g5 39. Re5 Kg6 40. g4 f4 41. Qh3
Rg8 42. Rxd5 exd5 43. Re7 Kf6 44. Rxd7 Rxd7 45. Qd3 Kf7 46. Qf5+ Ke8 47. Qe6+
1-0

[Event "Kurnosov Memorial 2019"]
[Site "?"]
[Date "2019.09.06"]
[Round "2.3"]
[White "Bykova, Anastasia"]
[Black "Movsesian, Sergei"]
[Result "0-1"]
[WhiteElo "2271"]
[BlackElo "2663"]
[PlyCount "122"]
[EventDate "2019.??.??"]

1. d4 Nf6 2. c4 d6 3. Nf3 Nbd7 4. g3 e5 5. Nc3 c6 6. e4 g6 7. Bg2 Bg7 8. O-O
O-O 9. h3 a6 10. Be3 Re8 11. dxe5 dxe5 12. Qc2 Qe7 13. Na4 b5 14. cxb5 cxb5 15.
Nc3 Bb7 16. Nd2 Rac8 17. Qb3 Nc5 18. Qa3 Bf8 19. b4 Ne6 20. Nd5 Nxd5 21. exd5
Nd4 22. Bxd4 exd4 23. Rad1 Rc3 24. Nb3 Bg7 25. Qa5 Rc4 26. d6 Qd7 27. Nc5 Rxc5
28. bxc5 Bxg2 29. Kxg2 Rc8 30. Rc1 Bh6 31. Rcd1 Bg7 32. Rc1 Bh6 33. Rcd1 Qb7+
34. Kg1 Qd5 35. Qxa6 Rxc5 36. Rfe1 Kg7 37. Qa7 Bg5 38. d7 Bf6 39. Re8 Rc4 40.
Qb8 Qxd7 41. Rg8+ Kh6 42. Qf8+ Kh5 43. Qa3 Qc6 44. Qd3 Rc3 45. Qe2+ Kh6 46.
Qd2+ g5 47. h4 Rc5 48. hxg5+ Bxg5 49. f4 Rc2 50. fxg5+ Kh5 51. Kf2 Kg4 52. Qe2+
Rxe2+ 53. Kxe2 Qe4+ 54. Kd2 Qe3+ 55. Kc2 Qc3+ 56. Kb1 d3 57. Rc1 Qb4+ 58. Ka1
Qd4+ 59. Kb1 Kxg3 60. Rd1 Qb4+ 61. Ka1 Qc3+ 0-1

[Event "Kurnosov Memorial 2019"]
[Site "?"]
[Date "2019.09.06"]
[Round "2.4"]
[White "Bocharov, Dmitry"]
[Black "Tsvetkov, Andrey"]
[Result "1-0"]
[WhiteElo "2643"]
[BlackElo "2268"]
[PlyCount "45"]
[EventDate "2019.??.??"]

1. c4 e6 2. Nf3 d5 3. e3 Nf6 4. Nc3 c6 5. b3 Bd6 6. Bb2 Nbd7 7. Qc2 O-O 8. Rg1
e5 9. cxd5 cxd5 10. Nb5 Bb8 11. Rc1 e4 12. Ba3 Re8 13. Nfd4 Nb6 14. Nc7 Bxc7
15. Qxc7 Qxc7 16. Rxc7 Bd7 17. Rxb7 Rec8 18. Be2 Ne8 19. f3 Nc7 20. Bc5 Be8 21.
fxe4 Ne6 22. Nxe6 fxe6 23. Bd4 1-0

[Event "Kurnosov Memorial 2019"]
[Site "?"]
[Date "2019.09.06"]
[Round "2.5"]
[White "Zasukhin, Vadim"]
[Black "Bocharov, Ivan"]
[Result "0-1"]
[WhiteElo "2265"]
[BlackElo "2624"]
[PlyCount "50"]
[EventDate "2019.??.??"]

1. e4 c5 2. Nc3 d6 3. d4 cxd4 4. Qxd4 Nc6 5. Qd2 Nf6 6. b3 e6 7. Bb2 Be7 8.
O-O-O a6 9. f3 O-O 10. g4 Nd7 11. Kb1 b5 12. h4 Nc5 13. g5 b4 14. Nce2 e5 15.
Ng3 a5 16. Nf5 Bxf5 17. exf5 a4 18. Bc4 axb3 19. axb3 Qa5 20. Qd5 Qa2+ 21. Kc1
Na5 22. f4 Nxc4 23. Qxc4 Na4 24. Qxb4 Nxb2 25. Re1 Nd3+ 0-1

[Event "Kurnosov Memorial 2019"]
[Site "?"]
[Date "2019.09.06"]
[Round "2.6"]
[White "Stupak, Kirill"]
[Black "Tologontegin, Semetey"]
[Result "0-1"]
[WhiteElo "2616"]
[BlackElo "2261"]
[PlyCount "64"]
[EventDate "2019.??.??"]

1. d4 g6 2. g3 Bg7 3. Bg2 c5 4. d5 d6 5. c4 b5 6. cxb5 a6 7. bxa6 Bxa6 8. Nc3
Nf6 9. Nf3 O-O 10. O-O Nbd7 11. Qc2 Qc7 12. Rd1 Rfb8 13. Rb1 Ng4 14. h3 Nge5
15. Ne1 Nc4 16. Bg5 h6 17. Bf4 Qa5 18. Rdc1 g5 19. Bd2 Nde5 20. Bf1 Rb7 21. Nf3
Rab8 22. Be1 Rxb2 23. Rxb2 Rxb2 24. Qe4 Nxf3+ 25. exf3 Nd2 26. Bxd2 Rxd2 27.
Bxa6 Qxa6 28. Nd1 Re2 29. Ne3 Bd4 30. Rc2 Re1+ 31. Kh2 Bxe3 32. fxe3 Qf1 0-1

[Event "Kurnosov Memorial 2019"]
[Site "?"]
[Date "2019.09.06"]
[Round "2.7"]
[White "Gnusarev, Pavel"]
[Black "Shaposhnikov, Evgeny"]
[Result "0-1"]
[WhiteElo "2258"]
[BlackElo "2594"]
[PlyCount "104"]
[EventDate "2019.??.??"]

1. d4 Nf6 2. c4 e6 3. Nf3 b6 4. g3 Bb4+ 5. Bd2 c5 6. Bg2 Bb7 7. O-O O-O 8. Bxb4
cxb4 9. Qd3 a5 10. Nbd2 d6 11. e4 e5 12. Ne1 Nc6 13. Nc2 Qb8 14. Rfe1 Ba6 15.
a4 Re8 16. b3 Nd7 17. Rab1 Nf8 18. Bh3 Ra7 19. Nf1 Bc8 20. Bf5 g6 21. Bxc8 Qxc8
22. Nfe3 Ne6 23. Nd5 Qd8 24. dxe5 dxe5 25. f4 f6 26. Rbd1 Rf7 27. Qe3 Ned4 28.
Nxd4 Nxd4 29. Rxd4 exd4 30. Qxd4 Re6 31. h4 Qd6 32. Kg2 Qc5 33. Qb2 Rf8 34. g4
f5 35. gxf5 Rxf5 36. Re3 Rxf4 37. Nxf4 Qxe3 38. Nxe6 Qxe4+ 39. Kg3 Qxe6 40. Qd4
Kf7 41. Qf4+ Qf6 42. Qc7+ Kg8 43. Qb8+ Kg7 44. Qc7+ Kh6 45. Kg4 Qd4+ 46. Kg3
Qe3+ 47. Kg4 Qe2+ 48. Kg3 Qe1+ 49. Kg4 Qd1+ 50. Kf4 Qxb3 51. Ke4 Qc2+ 52. Kd4
Qf2+ 0-1

[Event "Kurnosov Memorial 2019"]
[Site "?"]
[Date "2019.09.06"]
[Round "2.8"]
[White "Volkov, Sergey"]
[Black "Solozhenkina, Elizaveta"]
[Result "1/2-1/2"]
[WhiteElo "2586"]
[BlackElo "2251"]
[PlyCount "118"]
[EventDate "2019.??.??"]

1. d4 Nf6 2. c4 e6 3. Nc3 Bb4 4. f3 d5 5. a3 Bxc3+ 6. bxc3 c5 7. cxd5 exd5 8.
e3 O-O 9. Bd3 Re8 10. Ne2 b6 11. O-O Nc6 12. Ng3 g6 13. Ra2 h5 14. Re2 Bb7 15.
Bb2 Na5 16. Rfe1 h4 17. Nf1 Rc8 18. e4 Nh5 19. Bb5 Re6 20. exd5 Rxe2 21. Rxe2
Qxd5 22. Ne3 Qb3 23. Qxb3 Nxb3 24. dxc5 Nf4 25. Re1 Nxc5 26. Rd1 a6 27. Bf1 Na4
28. Ba1 Nxc3 29. Rd7 Bc6 30. Ra7 Bb5 31. Ng4 Kg7 32. Ne5 Kf6 33. Nxf7 Ke6 34.
g3 Nfe2+ 35. Kg2 hxg3 36. hxg3 Nd5 37. Ng5+ Kf5 38. Ne4 Rc2 39. Nd6+ Ke6 40.
Nxb5 axb5 41. Bxe2 Rxe2+ 42. Kh3 Rf2 43. f4 Rf1 44. Bd4 Rd1 45. Be5 Ne3 46. Kh4
Rh1+ 47. Kg5 Rg1 48. Kxg6 Rxg3+ 49. Kh7 Nf5 50. Rb7 Rh3+ 51. Kg8 Ne7+ 52. Kf8
Ng6+ 53. Ke8 Nxe5 54. Re7+ Kd6 55. fxe5+ Kc6 56. Rg7 Kd5 57. Rg5 Ke6 58. Rg6+
Kxe5 59. Rxb6 Rxa3 1/2-1/2

[Event "Kurnosov Memorial 2019"]
[Site "?"]
[Date "2019.09.06"]
[Round "2.9"]
[White "Benderac, Ana"]
[Black "Yudin, Sergei"]
[Result "0-1"]
[WhiteElo "2246"]
[BlackElo "2580"]
[PlyCount "110"]
[EventDate "2019.??.??"]

1. f4 d5 2. Nf3 Nf6 3. g3 e6 4. Bg2 Be7 5. O-O O-O 6. d3 c5 7. Qe1 Nc6 8. c3 b5
9. e4 a5 10. exd5 Nxd5 11. Na3 b4 12. Nc4 Ba6 13. Nfe5 Nxe5 14. fxe5 Rb8 15.
Be4 a4 16. Bd2 bxc3 17. bxc3 Bxc4 18. dxc4 Nb6 19. Bc2 Nxc4 20. Qe4 g6 21. Bh6
Nd2 22. Qf4 Nxf1 23. Rxf1 Qd5 24. c4 Qd4+ 25. Qxd4 cxd4 26. Bxf8 Kxf8 27. Bxa4
Ra8 28. Bb3 Ra5 29. Re1 Bg5 30. Re4 Be3+ 31. Kf1 h5 32. Ke2 g5 33. Kd3 g4 34.
a4 Ke7 35. Bd1 Kd7 36. h3 gxh3 37. Rh4 Rxe5 38. Rxh3 Bf2 39. Rh2 Re3+ 40. Kxd4
Bg1 41. Rd2 Kc6 42. Rd3 Rxg3+ 43. Kc3 Rxd3+ 44. Kxd3 h4 45. Bf3+ Kd6 46. a5 f5
47. a6 Ke5 48. Ke2 Kf4 49. Bg2 Ba7 50. Bf3 h3 51. Bc6 h2 52. Bh1 e5 53. Kf1 Kg3
54. Ke2 e4 55. Kf1 f4 0-1

[Event "Kurnosov Memorial 2019"]
[Site "?"]
[Date "2019.09.06"]
[Round "2.10"]
[White "Pridorozhni, Aleksei"]
[Black "Solovjev, Nikolay"]
[Result "1-0"]
[WhiteElo "2572"]
[BlackElo "2233"]
[PlyCount "45"]
[EventDate "2019.??.??"]

1. e4 c5 2. Nc3 Nc6 3. Bb5 Nd4 4. Nf3 Nxb5 5. Nxb5 g6 6. d4 a6 7. Nc3 Bg7 8.
dxc5 Qa5 9. O-O Qxc5 10. Be3 Qc6 11. Bd4 Nf6 12. Nd5 Kf8 13. Ne5 Qd6 14. Nc4
Qc6 15. Ncb6 Rb8 16. Qf3 Nh5 17. Rad1 d6 18. Bxg7+ Nxg7 19. Rd3 Be6 20. Rc3 Qe8
21. Rc7 Qb5 22. Rxe7 Qxb2 23. Nd7+ 1-0

[Event "Kurnosov Memorial 2019"]
[Site "?"]
[Date "2019.09.06"]
[Round "3.1"]
[White "Kokarev, Dmitry"]
[Black "Zhalmakhanov, Ramazan"]
[Result "1/2-1/2"]
[WhiteElo "2665"]
[BlackElo "2429"]
[PlyCount "41"]
[EventDate "2019.??.??"]

1. e4 e5 2. Nf3 Nc6 3. Bb5 a6 4. Ba4 Nf6 5. O-O Be7 6. Bxc6 dxc6 7. d3 Nd7 8.
b3 O-O 9. Bb2 Bd6 10. Nbd2 c5 11. Nc4 Qe7 12. a4 b6 13. g3 Bb7 14. Nh4 Qe6 15.
f4 exf4 16. gxf4 f5 17. Nxf5 Rxf5 18. exf5 Qxf5 19. Ne3 Qh3 20. Qd2 Re8 21.
Rae1 1/2-1/2

[Event "Kurnosov Memorial 2019"]
[Site "?"]
[Date "2019.09.06"]
[Round "3.3"]
[White "Movsesian, Sergei"]
[Black "Salemgareev, Tagir"]
[Result "1-0"]
[WhiteElo "2663"]
[BlackElo "2419"]
[PlyCount "91"]
[EventDate "2019.??.??"]

1. e4 c5 2. Nf3 Nc6 3. Nc3 g6 4. d4 cxd4 5. Nxd4 Bg7 6. Nde2 Nf6 7. g3 O-O 8.
Bg2 d6 9. O-O Bd7 10. h3 Rc8 11. Re1 Ne5 12. a4 Qa5 13. Nf4 Rfe8 14. Nd3 Nxd3
15. cxd3 b5 16. Bd2 bxa4 17. Nxa4 Qb5 18. Ra3 Qb8 19. Nc3 Be6 20. Qa1 Nd7 21.
Be3 Nc5 22. d4 Nd3 23. Re2 Bc4 24. Rd2 Nb4 25. Rxa7 Bb3 26. Ra5 Nc2 27. Rxc2
Bxc2 28. Kh2 Bd3 29. Nd5 e6 30. Nc3 Re7 31. Qa3 Rb7 32. e5 Rb3 33. Qa4 d5 34.
Nxd5 exd5 35. Bxd5 Rxb2 36. Ra8 Qc7 37. Ra7 Qd8 38. Rd7 Qb6 39. Rxf7 Kh8 40.
Rxg7 Rf8 41. Rf7 Qd8 42. Qd7 Rxf2+ 43. Bxf2 Qxd7 44. Rxf8+ Kg7 45. Rg8+ Kh6 46.
Be3+ 1-0

[Event "Kurnosov Memorial 2019"]
[Site "?"]
[Date "2019.09.06"]
[Round "3.8"]
[White "Kostenko, Petr"]
[Black "Pridorozhni, Aleksei"]
[Result "1-0"]
[WhiteElo "2382"]
[BlackElo "2572"]
[PlyCount "53"]
[EventDate "2019.??.??"]

1. e4 e5 2. Nf3 Nf6 3. d4 Nxe4 4. dxe5 d5 5. Nbd2 Nxd2 6. Qxd2 c5 7. Bd3 Be7 8.
Qf4 h6 9. h4 Nc6 10. c3 g6 11. a3 Be6 12. b4 d4 13. bxc5 dxc3 14. Be4 Bxc5 15.
O-O Qe7 16. Be3 Bxa3 17. Bxc6+ Kf8 18. Bxb7 Rb8 19. Be4 a5 20. Nd4 g5 21. Qh2
Rc8 22. hxg5 Bc4 23. Rfe1 Bb4 24. gxh6 c2 25. h7 Bxe1 26. Qh6+ Ke8 27. Bc6+ 1-0

[Event "Kurnosov Memorial 2019"]
[Site "?"]
[Date "2019.09.06"]
[Round "4.1"]
[White "Bareev, Evgeny"]
[Black "Mirzoev, Azer"]
[Result "1/2-1/2"]
[WhiteElo "2664"]
[BlackElo "2504"]
[PlyCount "90"]
[EventDate "2019.??.??"]

1. Nf3 d5 2. g3 Nf6 3. Bg2 c6 4. O-O Bg4 5. c4 e6 6. Qb3 Qb6 7. d3 Nbd7 8. Qc2
Be7 9. Nc3 O-O 10. Be3 Qa6 11. cxd5 cxd5 12. h3 Bh5 13. g4 Bg6 14. Nh4 Rfc8 15.
Qd2 Ne8 16. Nxg6 hxg6 17. Rfc1 Bf6 18. d4 Nd6 19. b3 Rc6 20. Rc2 Rac8 21. Rac1
Nb5 22. Nxb5 Qxb5 23. Rxc6 Rxc6 24. Rxc6 Qxc6 25. Bf4 a6 26. Qd3 Be7 27. Bd2
Nf6 28. Qc3 Qxc3 29. Bxc3 Ne4 30. Be1 Bh4 31. Kf1 f5 32. e3 Kf7 33. Ke2 Be7 34.
f3 Nf6 35. Kd3 Bd6 36. Bd2 Nd7 37. e4 Nb8 38. b4 Nd7 39. h4 Nb6 40. h5 gxh5 41.
gxh5 Nc4 42. Be1 Nb2+ 43. Kc2 Nc4 44. Kd3 Nb2+ 45. Kc2 Nc4 1/2-1/2

[Event "Kurnosov Memorial 2019"]
[Site "?"]
[Date "2019.09.06"]
[Round "4.6"]
[White "Kotsur, Pavel"]
[Black "Kostenko, Petr"]
[Result "1/2-1/2"]
[WhiteElo "2544"]
[BlackElo "2382"]
[PlyCount "26"]
[EventDate "2019.??.??"]

1. e4 e5 2. Nf3 Nc6 3. Bb5 a6 4. Ba4 Nf6 5. O-O Be7 6. Re1 b5 7. Bb3 d6 8. c3
O-O 9. h3 Re8 10. Ng5 Rf8 11. Nf3 Bb7 12. d4 Re8 13. Ng5 Rf8 1/2-1/2

[Event "Kurnosov Memorial 2019"]
[Site "?"]
[Date "2019.09.06"]
[Round "4.10"]
[White "Ponkratov, Pavel"]
[Black "Tologontegin, Semetey"]
[Result "1-0"]
[WhiteElo "2669"]
[BlackElo "2261"]
[PlyCount "97"]
[EventDate "2019.??.??"]

1. e4 g6 2. d4 Bg7 3. Be3 d6 4. Nc3 a6 5. h4 Nf6 6. f3 e5 7. dxe5 dxe5 8. Qxd8+
Kxd8 9. O-O-O+ Nbd7 10. g4 h5 11. Bc4 hxg4 12. Bxf7 Bh6 13. Bxh6 Rxh6 14. Be6
gxf3 15. Nxf3 Ke7 16. Bh3 c6 17. Rdg1 Nh5 18. Rg5 Nf4 19. Bxd7 Bxd7 20. Nxe5
Be8 21. Ng4 Rh8 22. Re5+ Ne6 23. Nd5+ Kd6 24. Rxe6+ Kxe6 25. Nc7+ Ke7 26. Nxa8
Bd7 27. Ne5 Rxa8 28. Nxg6+ Kf6 29. h5 Bg4 30. Rf1+ Kg5 31. Rg1 Re8 32. h6 Kxg6
33. Rxg4+ Kxh6 34. Kd2 Kh5 35. Rg7 Rxe4 36. Rxb7 a5 37. Rb6 Rc4 38. Kd3 Rc5 39.
c4 Kg4 40. Kd4 Rh5 41. Rxc6 Rh2 42. Rb6 Kf5 43. a4 Rh4+ 44. Kc5 Ke4 45. Kb5 Kd3
46. c5 Rh5 47. Rd6+ Kc2 48. b4 axb4 49. Kxb4 1-0

[Event "Kurnosov Memorial 2019"]
[Site "?"]
[Date "2019.09.07"]
[Round "5.1"]
[White "Movsesian, Sergei"]
[Black "Matveev, Vladimir"]
[Result "1-0"]
[WhiteElo "2663"]
[BlackElo "2355"]
[PlyCount "59"]
[EventDate "2019.??.??"]

1. e4 d6 2. d4 g6 3. Nc3 Bg7 4. Be3 a6 5. Qd2 b5 6. a4 b4 7. Nce2 a5 8. Ng3 h5
9. h4 c5 10. Nf3 Bg4 11. Bb5+ Nd7 12. Ng5 cxd4 13. Bxd4 Ngf6 14. f3 Be6 15.
Nxe6 fxe6 16. Bc4 d5 17. exd5 exd5 18. Bxd5 Ra6 19. Qd3 Nxd5 20. Bxg7 Re6+ 21.
Ne4 Nf4 22. Qd2 Rg8 23. Bh6 Nxg2+ 24. Qxg2 Nc5 25. Be3 Nxe4 26. fxe4 b3 27. O-O
bxc2 28. Qxc2 Qb8 29. Kg2 Qb7 30. Rac1 1-0